| 000 | 00749nam a2200169Ia 4500 | ||
|---|---|---|---|
| 005 | 20250714155846.0 | ||
| 008 | 250714s9999 xx 000 0 und d | ||
| 020 | _a9781857281736 | ||
| 082 |
_a940.2 _bBLA |
||
| 100 | _aBlack, Jeremy | ||
| 245 | 0 | _aEuropean Warfare, 1660-1815 | |
| 260 |
_bTaylor & Francis _c1994 |
||
| 300 | _a287 pages | ||
| 500 | _aThis is a history of warfare, wars and the armed forces of Europe from the military revolution of the mid-17th century to the Napoleonic wars.; This book is intended for broad-based undergrad courses on 18th century Europe/Britain and the Ancien Regime. 2nd and 3rd year thematic courses on warfare in the modern period, and students of war studies. | ||
| 650 | _aHistory | ||
| 942 | _cENGLISH | ||
| 999 |
_c575644 _d575644 |
||